| 000 | 00420nam a2200157Ia 4500 | ||
|---|---|---|---|
| 005 | 20250704033708.0 | ||
| 008 | 240331s9999 xx 000 0 und d | ||
| 020 | _a9559102869 | ||
| 082 |
_bSTR _a954 |
||
| 100 | _aStrthar,A | ||
| 245 | 0 | _aRajakeeya api | |
| 260 |
_aColombo _bSocial Scientists Association _c2006 |
||
| 300 | _a25 p ., | ||
| 500 | _aSinhala Consciousness in the Kandyan Period 1590s to 1815 | ||
| 942 | _cL | ||
| 999 |
_c5290 _d5290 |
||